| 000 | 00623nam a22002057a 4500 | ||
|---|---|---|---|
| 999 |
_c15120 _d15120 |
||
| 003 | AR-CdUCM | ||
| 008 | 190424b ||||| |||| 00| 0 eng d | ||
| 020 | _a978-607-404-761-5 | ||
| 040 |
_aMUNICIPALIDAD PROVINCIAL DEL CUSCO _cBIBLIOTECA MUNICIPAL DEL CUSCO |
||
| 082 |
_aPI / 590 / _bS55 |
||
| 110 |
_aSilver dolphin _933679 |
||
| 245 | _aLagartos escurridizos / | ||
| 260 |
_aMéxico : _bSilver dolphin. _c2012. |
||
| 300 |
_bIlustraciones, _c30 cm. |
||
| 500 | _aTexto educativo para niños | ||
| 650 |
_aTextos infantiles _933764 |
||
| 650 |
_aLagartos _933765 |
||
| 942 |
_2ddc _cLIBROS |
||
| 945 |
_apjha _d2019-04-25 |
||